01051nam a2200229 i 4500001000700000003000900007005001700016007000300033008004100036100003400077245028400111260003400395300002200429490005500451650002400506700005100530700003400581830004500615852002100660999001900681952012100700133542ES-MaACL20251015170207.0t|070820q1910 sp ||||1| spa d1 aWolff-Eisner, Alfred.911726810aTratado de sueroterapia y de terapéutica experimental : manual para los clínicos y médicos prácticos / cpublicado bajo la dirección del Dr. Wolff-Eisner ; con la colaboración de F. Blumenthal ... [et al.] ; traducción directa del alemán por... García del Real. aMadrid : bCalleja, c[1910?] a450 p. ; c25 cm.1 aBiblioteca de ciencias médicas. 2. Tercera serie14aSeroterapia.9170570 aGarcía del Real, Eduardo, d1870-19469545231 aBlumenthal, Ferdinand.92959200aBiblioteca de ciencias médicas9229552 aES-MaACLjF-2424 c133542d133542 00104070aATENEOMbATENEOMcDEPO2d2008-01-17eSCl0oF-2424p1139020r2023-02-23 00:00:00w2023-02-23yMONOGRAFIA